Fenómeno suicida (Record no. 114157)

MARC details
000 -LEADER
fixed length control field 00914nam a22002177a 4500
005 - DATE AND TIME OF LATEST TRANSACTION
control field 20180528132125.0
008 - FIXED-LENGTH DATA ELEMENTS--GENERAL INFORMATION
fixed length control field 160303b mx ||||| |||| 00| 0 spa d
020 ## - INTERNATIONAL STANDARD BOOK NUMBER
International Standard Book Number 9786079361709 (ITESO)
020 ## - INTERNATIONAL STANDARD BOOK NUMBER
International Standard Book Number 9786074484885 (El manual moderno)
050 04 - LIBRARY OF CONGRESS CALL NUMBER
Classification number HV6545
Item number F46 2015
245 00 - TITLE STATEMENT
Title Fenómeno suicida
Remainder of title : un acercamiento transdisciplinar
Statement of responsibility, etc / Teresita Morfín López, Armando Martín Ibarra López, coordinadores ; editor responsable Santiago Viveros Fuentes
260 ## - PUBLICATION, DISTRIBUTION, ETC. (IMPRINT)
Place of publication, distribution, etc México, D.F. : Tlaquepaque , Jalisco.:
Name of publisher, distributor, etc El Manual Moderno ; Iteso ; Conacyt, ;
Date of publication, distribution, etc 2015.
300 ## - PHYSICAL DESCRIPTION
Extent xii,172 p.:
Other physical details ils.;
Dimensions 23 cm.
650 #4 - SUBJECT ADDED ENTRY--TOPICAL TERM
Topical term or geographic name as entry element Suicidio
General subdivision Factores de riesgo
650 #4 - SUBJECT ADDED ENTRY--TOPICAL TERM
Topical term or geographic name as entry element Suicidio
General subdivision Prevención
650 #4 - SUBJECT ADDED ENTRY--TOPICAL TERM
Topical term or geographic name as entry element Conducta suicida
General subdivision Tratamiento
700 1# - ADDED ENTRY--PERSONAL NAME
Personal name Morfín López, Teresita,
Relator term ed.
700 1# - ADDED ENTRY--PERSONAL NAME
Personal name Ibarra López, Armando Martín,
Relator term ed.
700 1# - ADDED ENTRY--PERSONAL NAME
Personal name Viveros Fuentes, Santiago,
Relator term ed.
942 ## - ADDED ENTRY ELEMENTS (KOHA)
Source of classification or shelving scheme Biblioteca del Cogreso de los Estados Unidos
Koha item type Libro
Holdings
Estado de pérdida Fuente de clasificación Estado del daño No para préstamo Ubicación permanente Ubicación actual Apartado o colección Fecha de adquisición Fuente de adquisición Edición Enumeración de Serie / Cronológica Dependencia de educación superior (DES) Área del conocimiento Total Checkouts Clasificación Código de Barras Date last seen Date checked out Número de copia Tipo de recurso
  Biblioteca del Cogreso de los Estados Unidos     Biblioteca de la Facultad de Psicología Biblioteca de la Facultad de Psicología General 03/03/2016 Unidad Académica Genérico 1a.ed. BFP000011336 Ciencias de la Salud Ciencias de la Salud 4 HV6545 F46 2015 BFP000011336 23/10/2017 18/10/2017 1 Libro
  Biblioteca del Cogreso de los Estados Unidos     Biblioteca de la Facultad de Psicología Biblioteca de la Facultad de Psicología General 03/03/2016 Unidad Académica Genérico 1a.ed. BFP000011337 Ciencias de la Salud Ciencias de la Salud   HV6545 F46 2015 BFP000011337 26/04/2016   2 Libro
  Biblioteca del Cogreso de los Estados Unidos     Biblioteca de la Facultad de Psicología Biblioteca de la Facultad de Psicología General 28/05/2018 Unidad Académica Generado 1a.ed. BFP000012418 Ciencias de la Salud Ciencias de la Salud   HV6545 F46 2015 BFP000012418 28/05/2018   3 Libro